000 00873cam a2200313 i 4500
001 200466262
003 TR-AnTOB
005 20251113105521.0
007 ta
008 230704s2017 tu $r01 $$$$ tur1utur d
020 _a9786055341671
040 _aTR-AnTOB
_beng
_erda
_cTR-AnTOB
041 0 _atur
044 _ctu
050 1 4 _aPL248.B385
_bS57 2017
090 _aPL248.B385
_bS57 2017
100 1 _aBatur, Serhat
_eauthor
_9150665
245 1 0 _aSirius muhafızları :
_bRasputin’in yüzüğü /
_cSerhat Batur.
250 _a1. baskı
264 1 _aİstanbul :
_bPenguen Yayınları,
_c2017.
300 _a397 pages ;
_c21 cm
336 _atext
_btxt
_2rdacontent
337 _aunmediated
_bn
_2rdamedia
338 _avolume
_bnc
_2rdacarrier
505 _a2801
650 7 _aTürk romanı
_2etuturkob
_99421
942 _2lcc
_cBK
999 _c200466262
_d84474